|
|
|
|
| LEADER |
02205cas a2200505 a 4500 |
| 001 |
c000232130 |
| 003 |
CARM |
| 005 |
20070411100057.0 |
| 008 |
940322c19949999ksumr p 0 a0eng d |
| 010 |
|
|
|a 94641151
|z sn 94004917
|
| 019 |
1 |
|
|a 10928031
|5 LACONCORD2021
|
| 022 |
|
|
|a 1075-2838
|
| 022 |
0 |
|
|a 1075-2838
|
| 030 |
|
|
|a CCUJEX
|
| 032 |
|
|
|a 005349
|b USPS
|
| 035 |
|
|
|a (OCoLC)29999587
|5 LACONCORD2021
|
| 040 |
|
|
|a NSDP
|b eng
|c NSDP
|d MH
|d NSDP
|d WaU
|d OCoLC
|d OUCA
|d DLC
|d MiU
|d InU
|d GU
|d WaU
|d LC
|
| 042 |
|
|
|a nsdp
|a lc
|
| 050 |
0 |
0 |
|a QA76.73.C15
|b C193
|
| 082 |
0 |
0 |
|a 005.13/3
|2 21
|
| 210 |
0 |
|
|a C/C++ users j
|
| 222 |
|
0 |
|a C/C++ users journal
|
| 245 |
0 |
0 |
|a C/C++ users journal.
|
| 246 |
1 |
0 |
|a C/C plus plus users journal
|
| 260 |
|
|
|a Lawrence, KS :
|b R&D Publications,
|c c1994-.
|
| 300 |
|
|
|a v. :
|b ill. ;
|c 28 cm.
|
| 310 |
|
|
|a Monthly
|
| 362 |
0 |
|
|a Vol. 12, no. 7 (Jul. 1994) - Vol.24, no.2 (Feb. 2006)
|
| 362 |
0 |
|
|a Vol. 12, no. 7 (Jul. 1994) - Vol.24, no.2 (Feb. 2006)
|
| 500 |
|
|
|a Title from cover.
|
| 525 |
|
|
|a Some issues accompanied by supplements.
|
| 650 |
|
0 |
|a C (Computer program language)
|v Periodicals.
|
| 650 |
|
0 |
|a C++ (Computer program language)
|v Periodicals.
|
| 780 |
0 |
0 |
|t C users journal
|x 0898-9788
|w (DLC) 91660067
|w (OCoLC)17192242
|
| 852 |
8 |
|
|b CARM
|h A1:AP06F0
|i F01751
|p 0340717
|f SE
|
| 852 |
8 |
|
|b CARM
|h A1:AP06F0
|i F01751
|p 0340718
|f SE
|
| 852 |
8 |
|
|b CARM
|h A1:AP16C0
|i F01784
|p 0340756
|f SE
|
| 852 |
8 |
|
|b CARM
|h A1:AP16C0
|i F01784
|p 0340757
|f SE
|
| 866 |
|
0 |
|a 12:7(1994:07)-14(1996) Inc.
|
| 866 |
|
0 |
|a 12:7(1994:07)-14(1996) Inc.
|
| 999 |
f |
f |
|i f2057e6c-1be0-586f-8b35-6f25dfde1443
|s b42b3901-68c0-55c7-8c1c-c3227c2aad04
|
| 952 |
f |
f |
|p Can circulate
|a CAVAL
|b CAVAL
|c CAVAL
|d CARM 1 Store
|e F01784
|f A1:AP16C0
|h Other scheme
|i book
|k 13:7(1995:07)-13:12(1995:12)
|m 0340757
|
| 952 |
f |
f |
|p Can circulate
|a CAVAL
|b CAVAL
|c CAVAL
|d CARM 1 Store
|e F01751
|f A1:AP06F0
|h Other scheme
|i book
|k 14(1996)
|m 0340718
|
| 952 |
f |
f |
|p Can circulate
|a CAVAL
|b CAVAL
|c CAVAL
|d CARM 1 Store
|e F01751
|f A1:AP06F0
|h Other scheme
|i book
|k 13:1(1995:01)-13:6(1995:06)
|m 0340717
|
| 952 |
f |
f |
|p Can circulate
|a CAVAL
|b CAVAL
|c CAVAL
|d CARM 1 Store
|e F01784
|f A1:AP16C0
|h Other scheme
|i book
|k 12:7(1994:07)-12:10(1994:10);12:12(1994:12)
|m 0340756
|